LEADER 01021nam a2200253 i 4500 001 000000229099 003 CaOOAMICUS 005 20140428000000.0 008 140428s1975 it u000 u fre u 013 $a208001 020 $a90-04-04210-5 040 $aSeMil$bita 100 1 $aMénard, Jacques-E.$0(OLS)http://semarc/name/51935 245 12$aL'Évangile selon Thomas /$cpar Jacques-E. Ménard ; volume editor Martin Krauser. 300 $ax, 252 p. 490 0 $aNag Hammadi studies ;$v5. 500 $aContiene : Bibliographie. 650 4$aBibbia - Apocrifi NT - Vangelo di Tommaso.$0(OLS)http://semarc/subject/6175 700 1 $aKrauser, Martin <1930- >.$0(OLS)http://semarc/name/79145 830 0$aNag Hammadi studies ;$v5.$0(OLS)http://semarc/title/40491 850 $aSeMil 852 $aSeMil$W1$xVenegono$y1$m2Y III 2$j179445$B179445$CSeMilBibl$Z2$F190544 $81 996 $6020$a90-04-04210-5$9(OLS)http://semarc/number/231428 996 $6245$aL'Évangile selon Thomas$9(OLS)http://semarc/title/327762 LEADER 00928nam a2200241 i 4500 001 000000107635 003 CaOOAMICUS 005 20050913000000.0 008 050913s1954 it u000 u und u 013 $a79971 040 $aSeMil$bita 100 1 $aMerezkovskij, Dmitrij Sergeevic,$d<1865-1941>.$0(OLS)http://semarc/name/7524 245 10$aLeonardo :$bla resurrezione degli dei /$cDimitri Mereskovskij. 260 $aMilano :$bA. Martello,$cstampa 1954. 300 $a651 p. ;$c23 cm. 500 $aFondo Ciprandi. 600 04$aLeonardo : da Vinci <1452-1519>.$0(OLS)http://semarc/subject/2814 850 $aSeMil 852 $aSeMil$W1$xVenegono$y1$m5U VI 9$j63731$B63731$CSeMilBibl$Z2$F102828 $81 941 1 $a1 961 $aOmaggio: Ciprandi dott. Paolo 996 $6245$aLeonardo :$bla resurrezione degli dei$9(OLS)http://semarc/title/156318 996 $6260$aMilano :$bA. Martello$9(OLS)http://semarc/publisher/32451